Регионална библиотека "Любен Каравелов" - Русе

Играй и открий на пиратския кораб (Запис номер 348173)

MARC детайли
000 -Лидер
Контролно поле с фиксирана дължина 01410nam a2200301 a 4500
003 - Код на организацията, давaща контролен номер
Контролно поле BLK
005 - Дата и час на последна редакция
Контролно поле 20250510125219.0
008 - Елементи от данни с фиксирана дължина
fixed length control field 200123b bu |||||r|||| 00| 0 bu d
020 ## - Международен стандартен номер на книга ISBN
Международен стандартен номер на книга ISBN 9786197134544
040 ## - Източник на каталожния запис
Идентификатор на билиотеката - собственик на записа BLK
041 ## - Код за език
Код за езика на текст/звукозапис или на отделно заглавие Български
Код за езика КДБФ Български
080 ## - УДК
Текстов определител УДК Литература на отделни езици и езикови семейства
УДК код - определител по УДК 821
УДК определител -93-34
УДК - код + определител 821-93-34
080 ## - УДК
Текстов определител УДК Издания за деца и юноши. Книжки-картинки. Читанки. Вж и 372.4
УДК код - определител по УДК 087.5
УДК - код + определител 087.5
100 ## - Редна дума - Автор
Автор Барсоти, Елеонора
Авторска отговорност първи автор
R(LIN) 1299
139 ## - Редно поле
Редна дума Барсоти, Елеонора
Авторски знак Бар - Б 26
240 ## - Унифицирано заглавие
Унифицирано заглавие Play & seek on the pirate ship
245 ## - Сведения за заглавието
Заглавие Играй и открий на пиратския кораб
Редно поле (дума) Елеонора Барсоти ; прев. от англ. ез. Албена Агасян
260 ## - Област на издателските данни
9 (RLIN) 213788
Място на издаване, разпространение и проч. Пловдив
Име на издателя, разпространителя и проч. Коала прес
Година на издаване 2017
Печатница В. Търново : Абагар
300 ## - Физическа характеристика
Страници 44 с.
Илюстрации и др. с цв. ил.
Размери/Мащаб 31 см
380 ## - Жанр
Жанр Детска худож. лит.
500 ## - Общи забележки
Забележка Ориг. загл.: Play & seek on the pirate ship / Eleonora Barsotti<br/>Кн. от поредицата Играй и открий
700 ## - Други автори (авторска отговорност)
9 (RLIN) 1021
Лично име Агасян, Албена Фран
Автороска отговорност (Описва отношението между автора и произведението) прев. от англ.
852 ## - Местоположение
Фондова буква Хранилище
999 ## - СИСТЕМНИ КОНТРОЛНИ НОМЕРА
Koha biblionumber 348173
Koha biblioitemnumber 348173
942 ## - АРТИКУЛИ
Вид на библиотечния материал Книги
Скрит в OPAC Не
Периодичен библиозапис Да
Koha issues (borrowed), all copies 36
944 ## - СЪЗДАВАНЕ И РЕДАКЦИЯ на ЗАПИСА
Създаване/Редакция Създаване
Дата на регистрацията/редакция 2020-01-23
Служител, извършил регистрацията/редакцията 30576
Статус, дата на статуса Цветомила Тодорова
999 ## - СИСТЕМНИ КОНТРОЛНИ НОМЕРА
Koha biblioitemnumber 348172
999 ## - СИСТЕМНИ КОНТРОЛНИ НОМЕРА
Koha biblioitemnumber 348172
Наличности
Код за отписване Код за изгубен артикул Източник на класификационната схема Код за повреда Коз за рестрикции Код за отдаване Артикулен № Име на библиотеката - собственик Име на библиотеката, в която се намира в момента Статус (Текущо местоположение) Дата на вписване в системата Местоположение - отдел Цена в лева Систематично азбучна сигнатура Баркод Цена в евро Служебен тип на артикула
  Не е изгубен Universal Decimal Classification Не е повреден само за читалня ползва се в читалня 755163 Регионална библиотека "Любен Каравелов" Русе Регионална библиотека "Любен Каравелов" Русе Хранилище 2020-02-06 Хранилище 9.99 Цб ІІ 24764 120000842207 5.11 Книги
  Не е изгубен Universal Decimal Classification Не е повреден без рестрикции заемане за дома 860636 Регионална библиотека "Любен Каравелов" Русе Регионална библиотека "Любен Каравелов" Русе Детски отдел 2021-11-08 Детски отдел 7.50 821-93/Б 26 Е 120000862064 3.83 Книги
Изтеглен Не е изгубен Universal Decimal Classification Не е повреден без рестрикции заемане за дома 860637 Регионална библиотека "Любен Каравелов" Русе Регионална библиотека "Любен Каравелов" Русе Детски отдел 2021-11-08 Детски отдел 7.50 821-93/Б 26 Е 120000862063 3.83 Книги
  Не е изгубен Universal Decimal Classification Не е повреден без рестрикции заемане за дома 860638 Регионална библиотека "Любен Каравелов" Русе Регионална библиотека "Любен Каравелов" Русе Детски отдел 2021-11-08 Детски отдел 7.50 821-93/Б 26 Е 120000862062 3.83 Книги
  Не е изгубен Universal Decimal Classification Не е повреден без рестрикции заемане за дома 860639 Регионална библиотека "Любен Каравелов" Русе Регионална библиотека "Любен Каравелов" Русе Детски отдел 2021-11-08 Детски отдел 7.50 821-93/Б 26 Е 120000862066 3.83 Книги
  Не е изгубен Universal Decimal Classification Не е повреден без рестрикции заемане за дома 860640 Регионална библиотека "Любен Каравелов" Русе Регионална библиотека "Любен Каравелов" Русе Детски отдел 2021-11-08 Детски отдел 7.50 821-93/Б 26 Е 120000862065 3.83 Книги
Vip Innovations Ltd, Rousse, Bulgaria 2025